| 000 | 00497nam a22001937a 4500 | ||
|---|---|---|---|
| 005 | 20170831152649.0 | ||
| 008 | 170831b xxu||||| |||| 00| 0 eng d | ||
| 020 |
_a9780198098607 _cRs 195 |
||
| 040 | _beng | ||
| 041 | _aEnglish | ||
| 082 |
_a822(I) _bKAR |
||
| 100 | _aKarnad, Girish | ||
| 245 |
_aBoiled beans on toast _bA play _cGirish Karnad |
||
| 260 |
_aNew Delhi _bOxford University Press _c2014 |
||
| 300 |
_a82p _b23 cm |
||
| 650 | _aDrama in English | ||
| 850 | _aLCLIB | ||
| 942 | _cBK | ||
| 999 |
_c41265 _d91744 |
||